| 000 -LEADER |
| fixed length control field |
00410cam a22001217a 4500 |
| 008 - FIXED-LENGTH DATA ELEMENTS--GENERAL INFORMATION |
| fixed length control field |
180718b1975 xxu||||| |||| 00| 0 eng d |
| 082 ## - DEWEY DECIMAL CLASSIFICATION NUMBER |
| Classification number |
A99 G1512d |
| 100 ## - MAIN ENTRY--PERSONAL NAME |
| Personal name |
Gandhi, Indira |
| 245 ## - TITLE STATEMENT |
| Title |
Democracy and discipline: speeches of Shrimati Indira Gandhi |
| Statement of responsibility, etc. |
by Indira Gandh |
| 260 ## - PUBLICATION, DISTRIBUTION, ETC. |
| Place of publication, distribution, etc. |
Delhi |
| Name of publisher, distributor, etc. |
Directorate of Advertising and Visual Publicity |
| Date of publication, distribution, etc. |
1975 |
| 300 ## - PHYSICAL DESCRIPTION |
| Extent |
180p. |
| 650 ## - SUBJECT ADDED ENTRY--TOPICAL TERM |
| Topical term or geographic name entry element |
War and emergency poweres - india |